00640nam a2200217Ia 4500003000900000008004100009040001300050040001300063041000800076100002000084245003000104250000900134260002100143260000900164300000800173490000900181490000800190942000700198999001700205952020000222IT-RoPAU120407s9999 xx 000 0 und d aIT-RoPAU cIT-RoPAU aita aFranz Weyergans aMistici del nostro tempo. aRoma aEdizioni Paoline c1960 c cm aEcuo v142 cBK c23628d23628 00102ddc406208_21420000000000071aPAULUSbPAULUSd2012-04-11l0o208.2142r2012-04-11 00:00:00w2012-04-11yBKzInserito da: Jole In data: 27 settembre 2011 fondo: Via A.Severo 56 Progr:26600